Creating a Value Proposition for Geriatric Care The Transformation of American Healthcare /

This book creates a value proposition in geriatric care - a promise of value to be delivered to improve care and to provide specific benefits to healthcare systems. It describes strategies and understanding of the incentives, barriers encountered in promoting changes in the healthcare systems, and d...

Πλήρης περιγραφή

Λεπτομέρειες βιβλιογραφικής εγγραφής
Κύριος συγγραφέας: Powers, James S. (Συγγραφέας)
Συγγραφή απο Οργανισμό/Αρχή: SpringerLink (Online service)
Μορφή: Ηλεκτρονική πηγή Ηλ. βιβλίο
Γλώσσα:English
Έκδοση: Cham : Springer International Publishing : Imprint: Springer, 2017.
Σειρά:SpringerBriefs in Health Care Management and Economics,
Θέματα:
Διαθέσιμο Online:Full Text via HEAL-Link
LEADER 02637nam a22004695i 4500
001 978-3-319-62271-2
003 DE-He213
005 20170726125047.0
007 cr nn 008mamaa
008 170726s2017 gw | s |||| 0|eng d
020 |a 9783319622712  |9 978-3-319-62271-2 
024 7 |a 10.1007/978-3-319-62271-2  |2 doi 
040 |d GrThAP 
050 4 |a RC954 
072 7 |a MQCL4  |2 bicssc 
072 7 |a MED058060  |2 bisacsh 
082 0 4 |a 618.970231  |2 23 
100 1 |a Powers, James S.  |e author. 
245 1 0 |a Creating a Value Proposition for Geriatric Care  |h [electronic resource] :  |b The Transformation of American Healthcare /  |c by James S. Powers. 
264 1 |a Cham :  |b Springer International Publishing :  |b Imprint: Springer,  |c 2017. 
300 |a VII, 54 p. 3 illus.  |b online resource. 
336 |a text  |b txt  |2 rdacontent 
337 |a computer  |b c  |2 rdamedia 
338 |a online resource  |b cr  |2 rdacarrier 
347 |a text file  |b PDF  |2 rda 
490 1 |a SpringerBriefs in Health Care Management and Economics,  |x 2193-1704 
505 0 |a Table of Contents -- 1. Introduction -- 2. US Geriatrics -A Historical Perspective -- 3. Incentives -- 4. Strategies -- 5. Development of VA Geriatrics Programs -- 6. Development of University Geriatrics Programs -- 7. Selling to Management – Outpatient and Community Programs -- 8. Selling to Management – Inpatient Programs -- 9. Prologue. 
520 |a This book creates a value proposition in geriatric care - a promise of value to be delivered to improve care and to provide specific benefits to healthcare systems. It describes strategies and understanding of the incentives, barriers encountered in promoting changes in the healthcare systems, and discusses numerous examples and outcomes. Drawn from many fields such as medicine and science, sociology, politics, business and economics, the book helps guide the introduction of geriatric principles into mainstream medical care with the goal of improving the care and quality of life of older persons in all healthcare systems. 
650 0 |a Medicine. 
650 0 |a Health care management. 
650 0 |a Health services administration. 
650 0 |a Geriatric nursing. 
650 1 4 |a Medicine & Public Health. 
650 2 4 |a Geriatric Care. 
650 2 4 |a Health Care Management. 
710 2 |a SpringerLink (Online service) 
773 0 |t Springer eBooks 
776 0 8 |i Printed edition:  |z 9783319622705 
830 0 |a SpringerBriefs in Health Care Management and Economics,  |x 2193-1704 
856 4 0 |u http://dx.doi.org/10.1007/978-3-319-62271-2  |z Full Text via HEAL-Link 
912 |a ZDB-2-SME 
950 |a Medicine (Springer-11650)